ظفر حسن عینی کی ادبی خد مات / (Record no. 195968)

MARC details
000 -LEADER
fixed length control field 00657nam a22001937a 4500
005 - DATE AND TIME OF LATEST TRANSACTION
control field 20230512162116.0
010 ## - LCCN (DPL NO)
LC control number UR-11985
020 ## - INTERNATIONAL STANDARD BOOK NUMBER
International Standard Book Number 9789380124179
Terms of availability 200.00
035 ## - SYSTEM CONTROL NUMBER
System control number U-10540
037 ## - SOURCE OF ACQUISITION
Source of stock number/acquisition DBAD/PUB
082 ## - DEWEY DECIMAL CLASSIFICATION NUMBER
Classification number 841
100 ## - MAIN ENTRY--PERSONAL NAME
Personal name شاہد نو خیز اعظمی
245 ## - TITLE STATEMENT
Title ظفر حسن عینی کی ادبی خد مات /
Statement of responsibility, etc شاہد نو خیز اعظمی
246 ## - VARYING FORM OF TITLE
Title proper/short title Zafar Hasan Aini ki Adabi Khidmat /
Remainder of title by Shahid Naukhez Azmi
260 ## - PUBLICATION, DISTRIBUTION, ETC. (IMPRINT)
Place of publication, distribution, etc Hyderabad
Name of publisher, distributor, etc Al-Ansar Publications
Date of publication, distribution, etc 2010 ء
270 ## - ADDRESS
Address Maulana Azad National University
City Hyderabad
Postal code 32
300 ## - PHYSICAL DESCRIPTION
Extent 152 ص
Dimensions 22cm(Hb)
942 ## - ADDED ENTRY ELEMENTS (KOHA)
Source of classification or shelving scheme Dewey Decimal Classification
Item type Urdu Bks
Classification part 841
Call number suffix ش ا ہ
Holdings
Withdrawn status Lost status Not for loan Collection code Home library Current library Date acquired Source of acquisition Cost, normal purchase price Full call number Barcode Copy number Cost, replacement price Koha item type
      Non-fiction Shahdara Branch Shahdara Branch 12/05/2023 DBAD/PUB 200.00 841 ش ا ہ U-10540 1 200.00 Urdu Bks

© Delhi Public Library
Hit Counter
free hit counter